000 00699cam a22001814a 4500
005 20250605164230.0
008 250528s ||||||||||||||||||||||||d
035 _a20942
020 _a9789601431154
040 _aGR-AtMCL
_bgre
_dGR-AtMCL
_eAACR2
245 1 _aΤο Αόρατο αγόρι
260 _bΑ. Α. Λιβάνη,
_c2016
520 _aΜια ευαίσθητη ιστορία που μας δείχνει πως μικρές πράξεις καλοσύνης μπορούν να βοηθήσουν τα παιδιά να ενταχτούν και να διακριθούν σε μία ομάδα.
700 1 _aLudwig Trudy
_96930
942 _cBK
999 _c6019
_d6019